[Event "CARIFTA CHESS GAMES 2014 - UNDER 16"]
[Site "Schoelcher"]
[Date "2014.04.19"]
[Round "1.1"]
[White "Bueno, Mark"]
[Black "Arsenec, Charles-Andre"]
[Result "1-0"]
[WhiteElo "1863"]
[BlackElo "1330"]
[PlyCount "95"]
[EventDate "2014.??.??"]

1. e4 e5 2. Nf3 Nc6 3. Bb5 a6 4. Ba4 Nf6 5. O-O Bc5 6. d3 b5 7. Bb3 O-O 8. c3
Bb6 9. Bg5 h6 10. Bh4 Na5 11. Bc2 d5 12. Bxf6 Qxf6 13. exd5 Bg4 14. Nbd2 Rad8
15. b4 Nb7 16. c4 Bd4 17. Rb1 Nd6 18. c5 Ne8 19. Bb3 Qf4 20. Qc2 Nf6 21. g3 Qf5
22. Nxd4 exd4 23. f3 Bh3 24. Rfe1 Nxd5 25. Bxd5 Qxd5 26. Kf2 Rfe8 27. Nb3 Re3
28. Re2 Rde8 29. Rbe1 Rxe2+ 30. Rxe2 Re3 31. Qb2 Rxe2+ 32. Qxe2 Qe6 33. g4
Qxe2+ 34. Kxe2 f5 35. gxf5 Bxf5 36. Nxd4 Bg6 37. Ne6 c6 38. Nc7 Bf7 39. a3 g5
40. Ke3 Kg7 41. d4 Kf8 42. d5 Bxd5 43. Nxd5 cxd5 44. Kd4 Ke7 45. Kxd5 Kd7 46.
Ke5 Kc6 47. Kf5 Kd5 48. Kg6 1-0

[Event "CARIFTA CHESS GAMES 2014 - UNDER 16"]
[Site "Schoelcher"]
[Date "2014.04.19"]
[Round "1.2"]
[White "Marie-Calixte, Andy"]
[Black "Richards, Allon"]
[Result "0-1"]
[WhiteElo "1319"]
[BlackElo "1857"]
[PlyCount "66"]
[EventDate "2014.??.??"]

1. d4 Nf6 2. c4 g6 3. Nc3 Bg7 4. Nf3 d6 5. Bf4 O-O 6. e4 Nfd7 7. Qd2 c5 8. d5
Nf6 9. e5 dxe5 10. Bxe5 Nbd7 11. Bf4 a6 12. h4 h5 13. Ng5 Nh7 14. Nxh7 Kxh7 15.
g4 Nf6 16. gxh5 Nxh5 17. Be2 Nxf4 18. Qxf4 Bh6 19. Qe4 Bf5 20. Qf3 Qb6 21. b3
Qf6 22. Ne4 Qxa1+ 23. Bd1 Bxe4 24. Qxe4 Qd4 25. Qc2 Rad8 26. Be2 Rd6 27. h5 Rf6
28. hxg6+ fxg6 29. Qc1 Qxf2+ 30. Kd1 Qf1+ 31. Bxf1 Rxf1+ 32. Rxf1 Rxf1+ 33. Ke2
Rxc1 0-1

[Event "CARIFTA CHESS GAMES 2014 - UNDER 16"]
[Site "Schoelcher"]
[Date "2014.04.19"]
[Round "1.3"]
[White "Fares, Leo"]
[Black "Cesaire-Hierso, Florian"]
[Result "0-1"]
[WhiteElo "1489"]
[BlackElo "1313"]
[PlyCount "92"]
[EventDate "2014.??.??"]

1. e4 c5 2. Nf3 d6 3. d4 cxd4 4. Nxd4 e5 5. Nf3 Bg4 6. Nc3 Nf6 7. Bg5 Be7 8.
Be2 Nc6 9. Qd2 Bxf3 10. Bxf3 Nd4 11. Be3 Nxf3+ 12. gxf3 a6 13. Rg1 g6 14. Bg5
h6 15. Bxh6 Ng8 16. Be3 Rxh2 17. O-O-O Qd7 18. f4 Nf6 19. fxe5 dxe5 20. Qxd7+
Nxd7 21. Nd5 Rc8 22. Rh1 Rxh1 23. Rxh1 Bf8 24. Bg5 f5 25. exf5 gxf5 26. Re1 e4
27. f3 Nc5 28. Kb1 Kf7 29. fxe4 Nxe4 30. Be3 Bc5 31. Rd1 Bxe3 32. Nxe3 Ke6 33.
c3 f4 34. Nd5 f3 35. Ne3 f2 36. Kc2 Rf8 37. Kd3 Ng3 38. Nf1 Rd8+ 39. Kc2 Rxd1
40. Kxd1 Nxf1 41. Ke2 Ne3 42. Kxf2 Nd1+ 43. Ke2 Nxb2 44. Kd2 Kd5 45. Kc2 Na4
46. Kb3 b5 0-1

[Event "CARIFTA CHESS GAMES 2014 - UNDER 16"]
[Site "Schoelcher"]
[Date "2014.04.19"]
[Round "1.4"]
[White "Laurent, Nicolas"]
[Black "Parfait, Emmanuel"]
[Result "1-0"]
[WhiteElo "1250"]
[BlackElo "1474"]
[PlyCount "50"]
[EventDate "2014.??.??"]

1. c4 e5 2. Nc3 Nf6 3. g3 Bc5 4. Bg2 Nc6 5. d3 d6 6. Nf3 Bd7 7. O-O Qc8 8. a3
a5 9. Bd2 O-O 10. Qc1 Bg4 11. Ng5 Nd4 12. Qd1 h6 13. Nf3 Bh3 14. Bxh3 Qxh3 15.
Be3 Nxf3+ 16. exf3 g5 17. g4 Kg7 18. Ne4 Nxe4 19. dxe4 Rh8 20. Kh1 h5 21. Rg1
hxg4 22. Rg2 gxf3 23. Rxg5+ Kf8 24. Qg1 Bxe3 25. fxe3 Ke7 {Phone rang.} 1-0

[Event "CARIFTA CHESS GAMES 2014 - UNDER 16"]
[Site "Schoelcher"]
[Date "2014.04.19"]
[Round "1.7"]
[White "Prudent, Sylvio"]
[Black "Diaz, Brian"]
[Result "1/2-1/2"]
[WhiteElo "1428"]
[BlackElo "1199"]
[PlyCount "86"]
[EventDate "2014.??.??"]

1. e4 c5 2. Nf3 d6 3. d4 cxd4 4. Nxd4 Nf6 5. Nc3 a6 6. Be2 e5 7. Nf3 Be7 8. O-O
O-O 9. Bg5 Nbd7 10. Re1 b5 11. a3 Bb7 12. Bd3 h6 13. Bh4 Rc8 14. Bg3 Re8 15.
Nd2 Qb6 16. Rb1 Qc7 17. Nb3 d5 18. exd5 Nxd5 19. Nxd5 Bxd5 20. Nd4 Bf6 21. Nf3
Qb7 22. Bf5 e4 23. Bxd7 Qxd7 24. Nh4 g5 25. Qh5 Kh7 26. Rbd1 Rcd8 27. h3 gxh4
28. Bxh4 Re5 29. Qxe5 Bxe5 30. Bxd8 Qxd8 31. Rxe4 Bxb2 32. Re3 Qa8 33. Rg3 Bxa3
34. Rxa3 Bxg2 35. Rg3 Be4 36. Rd2 Qc6 37. c3 b4 38. Rd8 Qxc3 39. Rxc3 bxc3 40.
Rc8 c2 41. Kf1 Kg6 42. Rc5 f5 43. Ke2 Kh5 1/2-1/2

[Event "CARIFTA CHESS GAMES 2014 - UNDER 16"]
[Site "Schoelcher"]
[Date "2014.04.19"]
[Round "1.8"]
[White "Garraway, Chaz"]
[Black "Lepelletier-Beaufond, Arthur"]
[Result "0-1"]
[WhiteElo "1199"]
[BlackElo "1401"]
[PlyCount "148"]
[EventDate "2014.??.??"]

1. e4 e6 2. d4 d5 3. Nc3 Nc6 4. Nf3 Bb4 5. exd5 exd5 6. Bd2 Nf6 7. Bb5 Bd7 8.
O-O O-O 9. Re1 a6 10. Ba4 Bxc3 11. Bxc3 Re8 12. Qd3 b5 13. Bb3 Ne7 14. Bb4 Ng6
15. a4 Rxe1+ 16. Bxe1 Qc8 17. c3 Qb7 18. Qc2 Ne4 19. axb5 Bxb5 20. Ba4 c5 21.
dxc5 Nxc5 22. Bxb5 Qxb5 23. Rd1 Qb7 24. Qf5 Qxb2 25. Qxd5 Nb7 26. Ng5 Rf8 27.
c4 h6 28. Nh3 Qb3 29. Qd3 Qa4 30. Rc1 Qc6 31. Qd5 Rc8 32. Qxc6 Rxc6 33. g3 Ne5
34. Rb1 Nd6 35. Bc3 Nexc4 36. Rb8+ Kh7 37. Nf4 a5 38. Ra8 Nb6 39. Ra6 Ndc4 40.
Bxa5 Rd6 41. Bb4 Rd1+ 42. Kg2 Rb1 43. Bc5 Nd7 44. Rc6 Nde5 45. Rc7 Rb2 46. Bd4
Rd2 47. Bxe5 Nxe5 48. Re7 Ng4 49. Kf3 Nxh2+ 50. Ke3 Ra2 51. Rxf7 Ng4+ 52. Kf3
Ne5+ 53. Ke4 Nxf7 54. Ke3 Ne5 55. Ke4 Ng4 56. f3 Nf6+ 57. Ke3 g5 58. Nh3 Nh5
59. g4 Ra3+ 60. Kf2 Nf4 61. Ng1 Kg6 62. Kg3 Ra1 63. Nh3 Nxh3 64. Kxh3 Kf6 65.
Kg3 Ke5 66. Kg2 Kf4 67. Kf2 Ra2+ 68. Kf1 Kxf3 69. Ke1 Rh2 70. Kd1 Ke3 71. Kc1
Kd3 72. Kb1 Kc3 73. Ka1 Kb3 74. Kb1 Rh1# 0-1

[Event "CARIFTA CHESS GAMES 2014 - UNDER 16"]
[Site "Schoelcher"]
[Date "2014.04.19"]
[Round "1.9"]
[White "Pierre-Leandre, Thomas"]
[Black "Mc Intosh, Isaiah"]
[Result "1-0"]
[WhiteElo "1370"]
[BlackElo "1199"]
[PlyCount "153"]
[EventDate "2014.??.??"]

1. e4 e6 2. d4 d5 3. e5 c5 4. c3 Qb6 5. Nf3 Nc6 6. a3 c4 7. Nbd2 Na5 8. Rb1 Qc7
9. b4 cxb3 10. Bb5+ Bd7 11. Bxd7+ Qxd7 12. Nxb3 Nc4 13. Nc5 Qc6 14. Nxb7 Nxa3
15. Rb3 Nb5 16. Qd3 a6 17. Na5 Qc7 18. Bd2 Qxa5 19. c4 Qa1+ 20. Rb1 Qa3 21. Rb3
dxc4 22. Qxc4 Qa1+ 23. Ke2 Qa2 24. Qc6+ Ke7 25. Qb7+ Ke8 26. Qxa8+ Kd7 27. Qxf8
Ne7 28. Qxh8 Qxb3 29. Qxg7 Qc4+ 30. Kd1 Qa4+ 31. Ke2 Qc4+ 32. Ke1 Qd3 33. Rf1
Qb1+ 34. Ke2 Qe4+ 35. Be3 Qc2+ 36. Nd2 Nc3+ 37. Kf3 Qf5+ 38. Kg3 Ne2+ 39. Kh4
Ng6+ 40. Qxg6 hxg6 41. g4 g5+ 42. Kh3 Qh7+ 43. Kg2 Qh4 44. h3 Nc3 45. Nf3 Qh8
46. Nxg5 Qa8+ 47. f3 Nd5 48. Re1 Nxe3+ 49. Rxe3 Qf8 50. Rb3 Kc6 51. Ne4 Kd5 52.
Rb6 Qa3 53. Rd6+ Kc4 54. Kg3 a5 55. Ng5 Qe3 56. Nxf7 a4 57. Ra6 a3 58. Nd6+ Kb4
59. Rb6+ Kc3 60. Nb5+ Kc4 61. Nxa3+ Qxa3 62. Rxe6 Kxd4 63. h4 Qf8 64. Rf6 Qb8
65. Rf5 Kd5 66. Kf4 Qb4+ 67. Kg5 Qe7+ 68. Kg6 Qe6+ 69. Kg5 Qe7+ 70. Kh5 Qh7+
71. Kg5 Qe7+ 72. Rf6 Qg7+ 73. Kf5 Qh7+ 74. Kg5 Qg7+ 75. Kf5 Qh7+ 76. Kg5 Qg7+
77. Kf4 1-0

[Event "CARIFTA CHESS GAMES 2014 - UNDER 16"]
[Site "Schoelcher"]
[Date "2014.04.19"]
[Round "1.6"]
[White "Casimir, Matthieu"]
[Black "Tin, Romain"]
[Result "0-1"]
[WhiteElo "1199"]
[BlackElo "1438"]
[PlyCount "50"]
[EventDate "2014.??.??"]

1. e4 c6 2. Nc3 d5 3. e5 Bf5 4. d4 e6 5. a3 c5 6. Bb5+ Nd7 7. Bxd7+ Qxd7 8.
dxc5 Bxc5 9. Nf3 Ne7 10. O-O O-O 11. Nh4 Rac8 12. g4 Bg6 13. g5 d4 14. Ne2 Bb6
15. c3 Rfd8 16. Qd2 dxc3 17. bxc3 Qxd2 18. Bxd2 Rxd2 19. Nf3 Rxe2 20. Rfd1 Rxf2
21. Kh1 Rxf3 22. Rd2 Rfxc3 23. a4 Be4+ 24. Rg2 Rc1+ 25. Rxc1 Rxc1# 0-1

[Event "CARIFTA CHESS GAMES 2014 - UNDER 16"]
[Site "Schoelcher"]
[Date "2014.04.19"]
[Round "1.5"]
[White "Cardoza, Luke"]
[Black "Walrond, Niccolo"]
[Result "0-1"]
[WhiteElo "1466"]
[BlackElo "1222"]
[PlyCount "83"]
[EventDate "2014.??.??"]

1. e4 e5 2. Nf3 Nc6 3. Bb5 Nf6 4. O-O Bc5 5. d3 O-O 6. Bxc6 dxc6 7. Nxe5 Re8 8.
Nf3 Bg4 9. Be3 Bf8 10. Nbd2 c5 11. Re1 c4 12. Nxc4 Bb4 13. c3 Bf8 14. Bg5 h6
15. Bh4 Be7 16. Nce5 Qd6 17. Bxf6 Bxf3 18. Nxf3 Bxf6 19. d4 Qf4 20. e5 Bh4 21.
Nxh4 Qxh4 22. Qf3 Re7 23. Qxb7 Ree8 24. e6 Rab8 25. exf7+ Kxf7 26. Qxc7+ Kg8
27. Qg3 Qxg3 28. hxg3 Rec8 29. Re2 Kf7 30. Rae1 a6 31. d5 Rd8 32. c4 Rbc8 33.
b3 Rd7 34. Re6 a5 35. Ra6 Rc5 36. Kf1 g6 37. Ree6 g5 38. Rxh6 g4 39. Rh7+ Kf8
40. Ra8+ Rc8 41. Rxc8+ Rd8 42. Rxd8# 0-1

[Event "CARIFTA CHESS GAMES 2014 - UNDER 16"]
[Site "Schoelcher"]
[Date "2014.04.19"]
[Round "2.1"]
[White "Lepelletier-Beaufond, Arthur"]
[Black "Bueno, Mark"]
[Result "0-1"]
[WhiteElo "1401"]
[BlackElo "1863"]
[PlyCount "111"]
[EventDate "2014.??.??"]

1. d4 Nf6 2. c4 e6 3. Nc3 Bb4 4. Bd2 d5 5. e3 O-O 6. Nf3 Nbd7 7. Bd3 c5 8. O-O
Re8 9. Qc2 b6 10. a3 Bxc3 11. Bxc3 Ba6 12. b3 h6 13. Bb2 Rc8 14. Rac1 cxd4 15.
Nxd4 Nc5 16. f4 dxc4 17. Bxc4 Bxc4 18. Qxc4 Qd5 19. Nb5 Qxc4 20. bxc4 Nd3 21.
Rc2 Nxb2 22. Rxb2 Re7 23. Rc1 Ne4 24. g3 Rd7 25. Kg2 Nc5 26. Rc3 Na4 27. Rbc2
Nxc3 28. Rxc3 a6 29. Nd4 Kf8 30. Kf2 Ke7 31. Ke2 Rc5 32. a4 Rdc7 33. Kd3 Ra5
34. Ra3 Rh5 35. Nf3 Rhc5 36. Nd4 Rxc4 37. Ke4 Rb4 38. a5 b5 39. Rb3 Rxb3 40.
Nxb3 Rc4+ 41. Kd3 Kd6 42. e4 Ra4 43. h4 h5 44. e5+ Kd5 45. Kc3 b4+ 46. Kb2 Ra3
47. Kc2 Rxb3 48. Kxb3 Kc5 49. Kb2 Kb5 50. Kb3 Kxa5 51. Kb2 Ka4 52. Ka2 b3+ 53.
Kb1 Ka3 54. Ka1 b2+ 55. Kb1 a5 56. f5 0-1

[Event "CARIFTA CHESS GAMES 2014 - UNDER 16"]
[Site "Schoelcher"]
[Date "2014.04.19"]
[Round "2.2"]
[White "Richards, Allon"]
[Black "Pierre-Leandre, Thomas"]
[Result "1-0"]
[WhiteElo "1857"]
[BlackElo "1370"]
[PlyCount "77"]
[EventDate "2014.??.??"]

1. e4 e5 2. Nf3 Nc6 3. Bb5 Bc5 4. c3 Nf6 5. O-O Nxe4 6. d4 exd4 7. cxd4 Be7 8.
d5 Nd6 9. Ba4 Nb4 10. Qd4 Nf5 11. Qe4 g6 12. d6 Nxd6 13. Qxb4 O-O 14. Nc3 a5
15. Qf4 Bf6 16. Nd5 Bg7 17. Rb1 b5 18. Bc2 Bb7 19. Rd1 Bxd5 20. Rxd5 Nc4 21.
Rxb5 c6 22. Rc5 Nb6 23. Bd2 Nd5 24. Qa4 Nb6 25. Qg4 Nd5 26. Bb3 Nf6 27. Qc4 d5
28. Qc2 d4 29. Rxc6 d3 30. Qc4 Qd7 31. Ne5 Qf5 32. Nxf7 Qxf2+ 33. Kxf2 Ne4+ 34.
Qxe4 Rxf7+ 35. Bxf7+ Kxf7 36. Qe6+ Kf8 37. Rc7 Bd4+ 38. Kf1 Re8 39. Qf7# 1-0

[Event "CARIFTA CHESS GAMES 2014 - UNDER 16"]
[Site "Schoelcher"]
[Date "2014.04.19"]
[Round "2.3"]
[White "Cesaire-Hierso, Florian"]
[Black "Cardoza, Luke"]
[Result "1-0"]
[WhiteElo "1313"]
[BlackElo "1466"]
[PlyCount "95"]
[EventDate "2014.??.??"]

1. c4 e6 2. d4 d5 3. Nc3 Nf6 4. Bg5 Be7 5. Nf3 c6 6. e3 Nbd7 7. Be2 dxc4 8.
Bxc4 Nd5 9. Nxd5 exd5 10. Bxe7 Qxe7 11. Bd3 O-O 12. O-O Nf6 13. Re1 Bg4 14. Qe2
Rfe8 15. Qd1 Rf8 16. Be2 Rfe8 17. Ne5 Bxe2 18. Qxe2 Nd7 19. Nxd7 Qxd7 20. Qf3
Qe7 21. Re2 Qe4 22. Qxe4 Rxe4 23. f3 Re7 24. Rae1 Rae8 25. e4 g6 26. Kf2 Kg7
27. g4 h6 28. h4 Re6 29. e5 f6 30. exf6+ Kxf6 31. g5+ hxg5 32. hxg5+ Kf5 33.
Rxe6 Rxe6 34. Rxe6 Kxe6 35. Ke3 Kf5 36. f4 c5 37. dxc5 d4+ 38. Kxd4 Kxf4 39.
Kd5 Kxg5 40. Kd6 Kh4 41. Kc7 g5 42. Kxb7 g4 43. c6 g3 44. c7 g2 45. c8=Q g1=Q
46. Qh8+ Kg3 47. Qg8+ Kf2 48. Qxg1+ 1-0

[Event "CARIFTA CHESS GAMES 2014 - UNDER 16"]
[Site "Schoelcher"]
[Date "2014.04.19"]
[Round "2.4"]
[White "Tin, Romain"]
[Black "Laurent, Nicolas"]
[Result "1-0"]
[WhiteElo "1438"]
[BlackElo "1250"]
[PlyCount "67"]
[EventDate "2014.??.??"]

1. d4 d5 2. c4 Nf6 3. Nc3 Bf5 4. f3 e6 5. Bg5 Nc6 6. cxd5 exd5 7. e3 a6 8. Be2
Nb4 9. e4 dxe4 10. fxe4 Bg6 11. a3 Nc6 12. e5 Nxd4 13. Rc1 Nc2+ 14. Rxc2 Qxd1+
15. Kxd1 Bxc2+ 16. Kxc2 Nd7 17. Nd5 Rc8 18. Nf3 c6 19. Nf4 Bc5 20. e6 fxe6 21.
Nxe6 Rg8 22. Bc4 h6 23. Bh4 g5 24. Bg3 Ke7 25. Re1 Kf6 26. Nxc5 Nxc5 27. Bxg8
Rxg8 28. Be5+ Kg6 29. Bd6 Na4 30. Ne5+ Kf6 31. b3 Nb6 32. h3 Rd8 33. Bc7 Rd5
34. Ng4+ 1-0

[Event "CARIFTA CHESS GAMES 2014 - UNDER 16"]
[Site "Schoelcher"]
[Date "2014.04.19"]
[Round "2.5"]
[White "Parfait, Emmanuel"]
[Black "Prudent, Sylvio"]
[Result "0-1"]
[WhiteElo "1474"]
[BlackElo "1428"]
[PlyCount "70"]
[EventDate "2014.??.??"]

1. e4 e5 2. Nf3 Nc6 3. d4 exd4 4. Nxd4 Bc5 5. Be3 Bxd4 6. Bxd4 Nf6 7. Nc3 O-O
8. e5 Re8 9. f4 d6 10. Be2 dxe5 11. fxe5 Nxd4 12. exf6 Qxf6 13. h3 Qh4+ 14. Kf1
Qf4+ 15. Bf3 Bf5 16. Qc1 Qd6 17. Qd2 Qa6+ 18. Kf2 Rad8 19. Rad1 g6 20. Qf4 Ne6
21. Qh6 Qb6+ 22. Kg3 Qxb2 23. Nd5 c6 24. Rb1 Qe5+ 25. Nf4 g5 26. Rhe1 Qxf4+ 27.
Kf2 Rd6 28. Qh5 Ng7 29. Rxe8+ Nxe8 30. g3 Rd2+ 31. Ke1 Qe3+ 32. Be2 Rxc2 33.
Kf1 Rc1+ 34. Kg2 Be4+ 35. Kh2 Qf2# 0-1

[Event "CARIFTA CHESS GAMES 2014 - UNDER 16"]
[Site "Schoelcher"]
[Date "2014.04.19"]
[Round "2.6"]
[White "Diaz, Brian"]
[Black "Fares, Leo"]
[Result "1-0"]
[WhiteElo "1199"]
[BlackElo "1489"]
[PlyCount "95"]
[EventDate "2014.??.??"]

1. e4 c5 2. Nf3 d6 3. d4 cxd4 4. Nxd4 Nf6 5. Nc3 Nc6 6. Nb3 a6 7. Be2 Bd7 8. h3
e6 9. Be3 b5 10. a3 Be7 11. Qd2 Qc7 12. O-O Rb8 13. Rfd1 O-O 14. Rf1 Rfc8 15.
Kh1 Na5 16. Nxa5 Qxa5 17. Bf3 Bc6 18. Rfe1 Qd8 19. Rad1 b4 20. axb4 Rxb4 21. b3
Qc7 22. Ra1 a5 23. Bf4 e5 24. Bg3 Rd4 25. Qe2 Qb7 26. Rac1 Bd7 27. Nd5 Nxd5 28.
exd5 Qc7 29. c3 Bg5 30. cxd4 Bxc1 31. dxe5 dxe5 32. Bxe5 Qb7 33. Qa2 Qb4 34.
Rd1 Bf5 35. Qa1 Bh6 36. Kh2 Bf4+ 37. Bxf4 Qxf4+ 38. Kg1 Qb4 39. d6 Rd8 40. Bc6
Rxd6 41. Rxd6 Qxd6 42. Qxa5 h6 43. Qd5 Qc7 44. b4 Qf4 45. Qf3 Qc1+ 46. Kh2 Qb1
47. b5 Bd3 48. Qe3 1-0

[Event "CARIFTA CHESS GAMES 2014 - UNDER 16"]
[Site "Schoelcher"]
[Date "2014.04.19"]
[Round "2.7"]
[White "Arsenec, Charles-Andre"]
[Black "Casimir, Matthieu"]
[Result "1-0"]
[WhiteElo "1330"]
[BlackElo "1199"]
[PlyCount "133"]
[EventDate "2014.??.??"]

1. e4 e5 2. Nf3 f6 3. d4 d6 4. dxe5 fxe5 5. Bc4 Nf6 6. Nc3 Bg4 7. h3 Bxf3 8.
Qxf3 Nc6 9. Be3 Nb4 10. Bb3 c6 11. a3 d5 12. Rd1 Na6 13. exd5 cxd5 14. Nxd5
Nxd5 15. Bxd5 Qa5+ 16. Bd2 Qa4 17. Qb3 Nc5 18. Bf7+ Kd7 19. Bb4+ Kc6 20. Bxc5
Qxb3 21. Bxb3 Bxc5 22. O-O Bd6 23. Bd5+ Kc7 24. Rfe1 Rhe8 25. Kh2 e4+ 26. g3
Re7 27. Rxe4 Rae8 28. Rde1 Rf8 29. Rxe7+ Bxe7 30. Rxe7+ Kd6 31. Rxg7 Rxf2+ 32.
Kg1 Rxc2 33. Bxb7 Ke5 34. Rxh7 Rxb2 35. Bg2 Kd4 36. Rxa7 Rb1+ 37. Kh2 Ke3 38.
Rf7 Ra1 39. g4 Rxa3 40. Kg3 Kd4+ 41. Rf3 Re3 42. Rxe3 Kxe3 43. g5 Kd4 44. g6
Ke5 45. g7 Kf5 46. g8=R Kf6 47. Kf4 Kf7 48. Rg5 Ke6 49. Ra5 Kd6 50. Ke4 Kc6 51.
Kd4+ Kb6 52. Rh5 Kc7 53. Rh6 Kd7 54. Ke5 Kc7 55. Kd5 Kb7 56. Kc5+ Ka7 57. Bf1
Kb7 58. Rh7+ Kc8 59. Kb6 Kd8 60. Kc6 Ke8 61. Kd6 Kf8 62. Ke6 Kg8 63. Ra7 Kf8
64. h4 Kg8 65. Kf6 Kh8 66. Kg6 Kg8 67. Ra8# 1-0

[Event "CARIFTA CHESS GAMES 2014 - UNDER 16"]
[Site "Schoelcher"]
[Date "2014.04.19"]
[Round "2.8"]
[White "Mc Intosh, Isaiah"]
[Black "Marie-Calixte, Andy"]
[Result "1-0"]
[WhiteElo "1199"]
[BlackElo "1319"]
[PlyCount "75"]
[EventDate "2014.??.??"]

1. c4 Nf6 2. Nc3 e5 3. Nf3 Nc6 4. a3 d6 5. e4 Bg4 6. Be2 Bxf3 7. Bxf3 g6 8. g3
Bg7 9. d3 O-O 10. Bg2 Nd4 11. Ne2 Nxe2 12. Qxe2 c6 13. Bg5 b5 14. Rd1 Rc8 15.
Be3 a6 16. O-O Re8 17. d4 Qc7 18. cxb5 axb5 19. d5 cxd5 20. Rc1 Qb7 21. exd5
Rxc1 22. Rxc1 e4 23. Bf4 Qxd5 24. Rd1 Qc4 25. Qxc4 bxc4 26. Rxd6 Rb8 27. Rxf6
Bxf6 28. Bxb8 Bxb2 29. Bd6 c3 30. Bxe4 Kg7 31. a4 Kf6 32. a5 Ke6 33. Bc5 f5 34.
Bc2 Kd5 35. a6 Kc6 36. a7 Kb7 37. Bd1 g5 38. Bf3+ 1-0

[Event "CARIFTA CHESS GAMES 2014 - UNDER 16"]
[Site "Schoelcher"]
[Date "2014.04.19"]
[Round "2.9"]
[White "Walrond, Niccolo"]
[Black "Garraway, Chaz"]
[Result "1-0"]
[WhiteElo "1222"]
[BlackElo "1199"]
[PlyCount "59"]
[EventDate "2014.??.??"]

1. e4 e5 2. Nf3 Nc6 3. Bc4 Bc5 4. d3 Nf6 5. Nc3 d6 6. Bg5 Bg4 7. Nd5 Nd4 8.
Nxf6+ gxf6 9. Be3 Nxf3+ 10. gxf3 Bxe3 11. fxe3 Bh5 12. Qe2 Qd7 13. O-O-O f5 14.
Qf2 Rg8 15. d4 Qe7 16. Rde1 Qf6 17. Be2 fxe4 18. Rhf1 exd4 19. exd4 exf3 20.
Bxf3+ Kd7 21. Bg4+ Bxg4 22. Qxf6 Rae8 23. Qxf7+ Kc6 24. Rxe8 Rxe8 25. Qxe8+ Bd7
26. Qe4+ d5 27. Rf6+ Kb5 28. Qxd5+ Kb4 29. Qc5+ Ka4 30. b3# 1-0

[Event "CARIFTA CHESS GAMES 2014 - UNDER 16"]
[Site "Schoelcher"]
[Date "2014.04.19"]
[Round "3.1"]
[White "Bueno, Mark"]
[Black "Tin, Romain"]
[Result "1/2-1/2"]
[WhiteElo "1863"]
[BlackElo "1438"]
[PlyCount "53"]
[EventDate "2014.??.??"]

1. e4 c6 2. d4 d5 3. exd5 cxd5 4. Bd3 Nc6 5. c3 f6 6. Qh5+ Kd7 7. Qxd5+ Kc7 8.
Qxd8+ Kxd8 9. Nf3 e6 10. O-O Bd6 11. Nbd2 Nge7 12. Ne4 Bc7 13. a3 Ke8 14. Bc4
Kf7 15. Re1 b6 16. Ba2 Rd8 17. Ng3 Bxg3 18. hxg3 g5 19. b3 Kf8 20. Bb2 g4 21.
Nh2 e5 22. Rad1 Bf5 23. Rd2 Rd7 24. Red1 Rad8 25. Nf1 exd4 26. cxd4 Be6 27. Ne3
1/2-1/2

[Event "CARIFTA CHESS GAMES 2014 - UNDER 16"]
[Site "Schoelcher"]
[Date "2014.04.19"]
[Round "3.2"]
[White "Cesaire-Hierso, Florian"]
[Black "Richards, Allon"]
[Result "0-1"]
[WhiteElo "1313"]
[BlackElo "1857"]
[PlyCount "82"]
[EventDate "2014.??.??"]

1. c4 Nf6 2. d4 g6 3. Nc3 Bg7 4. e4 d6 5. Bg5 h6 6. Be3 Ng4 7. Bf4 c5 8. dxc5
Qa5 9. Qa4+ Qxa4 10. Nxa4 Bd7 11. Be2 Nf6 12. Nc3 dxc5 13. e5 Ng4 14. Bxg4 Bxg4
15. Nd5 Na6 16. a3 Rc8 17. h3 Bf5 18. Nf3 Nb8 19. Rd1 Nc6 20. O-O O-O 21. b4
cxb4 22. axb4 Rfe8 23. b5 Na5 24. Ra1 b6 25. Bd2 Nxc4 26. Rxa7 Nxd2 27. Nxd2
Bf8 28. Nxb6 Rb8 29. Nd5 Red8 30. Ne3 Rxd2 31. Nxf5 gxf5 32. Rb1 e6 33. b6 Bc5
34. Ra6 Rb7 35. Rb3 f4 36. Rc3 Bxf2+ 37. Kf1 Bd4 38. Rc7 Rxb6 39. Ra8+ Kg7 40.
Ke1 Rxg2 41. Kf1 Rf2+ 0-1

[Event "CARIFTA CHESS GAMES 2014 - UNDER 16"]
[Site "Schoelcher"]
[Date "2014.04.19"]
[Round "3.3"]
[White "Prudent, Sylvio"]
[Black "Lepelletier-Beaufond, Arthur"]
[Result "1-0"]
[WhiteElo "1428"]
[BlackElo "1401"]
[PlyCount "125"]
[EventDate "2014.??.??"]

1. b3 d5 2. Bb2 e6 3. e3 b6 4. Nf3 Bb7 5. Nc3 Nf6 6. Be2 c5 7. d4 Nbd7 8. Bb5
a6 9. Bxd7+ Nxd7 10. O-O Bd6 11. Ne2 Qc7 12. dxc5 Nxc5 13. Bxg7 Rg8 14. Qd4
O-O-O 15. Bf6 Rde8 16. Be5 Bxe5 17. Nxe5 f6 18. Nf3 e5 19. Qh4 d4 20. Ng3 Qg7
21. Qh3+ Kb8 22. exd4 exd4 23. Nxd4 Bc8 24. Qh4 Re4 25. Nc6+ Kb7 26. Nd8+ Kc7
27. Qh5 Re5 28. Qf3 Rxd8 29. Rad1 Rg8 30. Qf4 Kb7 31. Rfe1 Rge8 32. Rxe5 Rxe5
33. Qf3+ Ka7 34. b4 Nb7 35. Qc3 Be6 36. a3 h5 37. f4 Rd5 38. Re1 Qd7 39. Qxf6
Bf7 40. c4 Rd1 41. Qe5 Rxe1+ 42. Qxe1 Bxc4 43. Nxh5 Qd4+ 44. Kh1 Qh8 45. Ng3
Qf6 46. Qc1 Nd8 47. Qxc4 Qa1+ 48. Nf1 Qxa3 49. g3 Qf3+ 50. Kg1 Qg4 51. Kg2 Kb7
52. Ne3 Qd7 53. Qc3 Ne6 54. h4 Qf7 55. Qe5 Ng7 56. Nd5 Qd7 57. h5 Kc6 58. Ne7+
Kb7 59. Qxg7 Qd2+ 60. Kh3 Qd7+ 61. g4 Qd3+ 62. Kh4 Qd8 63. h6 1-0

[Event "CARIFTA CHESS GAMES 2014 - UNDER 16"]
[Site "Schoelcher"]
[Date "2014.04.19"]
[Round "3.4"]
[White "Cardoza, Luke"]
[Black "Diaz, Brian"]
[Result "1/2-1/2"]
[WhiteElo "1466"]
[BlackElo "1199"]
[PlyCount "69"]
[EventDate "2014.??.??"]

1. e4 c5 2. Nf3 d6 3. Bb5+ Bd7 4. Bxd7+ Nxd7 5. d4 cxd4 6. Nxd4 e5 7. Nf3 Ngf6
8. O-O Be7 9. Nc3 O-O 10. Re1 Nb6 11. b3 Qc7 12. Bb2 a6 13. Qd2 h6 14. Nh4 Rad8
15. Nf5 Nh7 16. Nxe7+ Qxe7 17. Qe3 Qc7 18. Rad1 Nf6 19. h3 Rfe8 20. Qg3 Nh5 21.
Qg4 Nf4 22. Ne2 Nxe2+ 23. Rxe2 Nd7 24. Bc1 Re6 25. Rd3 Rg6 26. Qh4 Re8 27. Rg3
Rxg3 28. Qxg3 Re6 29. Bb2 Rg6 30. Qc3 Qxc3 31. Bxc3 Kf8 32. g3 Re6 33. Kg2 Re8
34. Bb4 Re6 35. Rd2 1/2-1/2

[Event "CARIFTA CHESS GAMES 2014 - UNDER 16"]
[Site "Schoelcher"]
[Date "2014.04.19"]
[Round "3.5"]
[White "Pierre-Leandre, Thomas"]
[Black "Walrond, Niccolo"]
[Result "1-0"]
[WhiteElo "1370"]
[BlackElo "1222"]
[PlyCount "43"]
[EventDate "2014.??.??"]

1. e4 e5 2. Nf3 Nc6 3. Bb5 Bc5 4. O-O Nf6 5. Nc3 d6 6. d4 exd4 7. Nxd4 Bxd4 8.
Bxc6+ bxc6 9. Qxd4 O-O 10. Bg5 Be6 11. f4 c5 12. Qd3 h6 13. Bh4 Qe7 14. e5 dxe5
15. fxe5 Rad8 16. exf6 gxf6 17. Qg3+ Kh7 18. Ne4 Rg8 19. Nxf6+ Kh8 20. Nxg8 Qd7
21. Bf6+ Kh7 22. Qg7# 1-0

[Event "CARIFTA CHESS GAMES 2014 - UNDER 16"]
[Site "Schoelcher"]
[Date "2014.04.19"]
[Round "3.6"]
[White "Laurent, Nicolas"]
[Black "Arsenec, Charles-Andre"]
[Result "1-0"]
[WhiteElo "1250"]
[BlackElo "1330"]
[PlyCount "51"]
[EventDate "2014.??.??"]

1. e4 e5 2. Nf3 Nc6 3. d4 Nxd4 4. Nxd4 exd4 5. Qxd4 d6 6. Bh6 Nf6 7. Bg5 Be7 8.
Bc4 h6 9. Bh4 c6 10. Nd2 O-O 11. O-O Re8 12. Nf3 Bg4 13. Bxf6 Bxf6 14. e5 dxe5
15. Qxg4 e4 16. Qh5 exf3 17. Bxf7+ Kf8 18. Bxe8 Qxe8 19. Qxf3 Rd8 20. Rfe1 Qf7
21. Qa3+ Kg8 22. Qxa7 Rd2 23. Rad1 Rxc2 24. Qb8+ Kh7 25. Qf4 Qxa2 26. Qe4+ 1-0

[Event "CARIFTA CHESS GAMES 2014 - UNDER 16"]
[Site "Schoelcher"]
[Date "2014.04.19"]
[Round "3.7"]
[White "Casimir, Matthieu"]
[Black "Mc Intosh, Isaiah"]
[Result "0-1"]
[WhiteElo "1199"]
[BlackElo "1199"]
[PlyCount "84"]
[EventDate "2014.??.??"]

1. e4 e6 2. Qh5 Nf6 3. Qf3 Nc6 4. c3 Ne5 5. Qd1 Ng6 6. d3 Be7 7. g3 d5 8. f3
O-O 9. Bf4 e5 10. Bg5 h6 11. Bxf6 Bxf6 12. d4 exd4 13. cxd4 dxe4 14. fxe4 Bxd4
15. Nf3 Bxb2 16. Qxd8 Rxd8 17. Na3 Bxa1 18. Nb5 Bg4 19. Be2 c6 20. Nc7 Rac8 21.
h3 Bxf3 22. Bxf3 Rxc7 23. Bg4 Ne5 24. O-O Bd4+ 25. Kg2 Nxg4 26. hxg4 Re8 27.
Re1 Rce7 28. Kf3 Re5 29. Kf4 Ra5 30. Re2 Be5+ 31. Kf3 Ra3+ 32. Kf2 Bxg3+ 33.
Kg2 Rd8 34. e5 Bxe5 35. Rxe5 Rd2+ 36. Kf1 Raxa2 37. Ke1 Rh2 38. Re8+ Kh7 39.
Re2 Raxe2+ 40. Kf1 Ra2 41. Kg1 Rhb2 42. Kf1 Rb1# 0-1